| 000 | 01723nam a2200337 i 4500 | ||
|---|---|---|---|
| 999 |
_c64966 _d64966 |
||
| 001 | 768714001 | ||
| 003 | CO-MdFUSB | ||
| 005 | 20190506125151.0 | ||
| 008 | 190423t1970 sp |||| |||| 00| 0 spa d | ||
| 020 | _aNo incluye ISBN | ||
| 040 |
_aCO-MdFUSB _bspa _cCO-MdFUSB _dCO-MdFUSBC _erda |
||
| 041 |
_aspa _heng |
||
| 082 |
_224 _a248.2209 _bG734 |
||
| 100 |
_aGraef, Hilda, _eautor |
||
| 240 | _aThe story of misticism | ||
| 245 |
_aHistoria de la mística. _c/ Hilda Graef ; traducido por Enrique Martí Lloret. |
||
| 264 | 1 |
_aBarcelona, España : _bHerder, _c[1970] |
|
| 300 |
_a351 páginas _c; 22 cm |
||
| 336 |
_2rdacontent _atexto _btxt |
||
| 337 |
_2rdamedia _asin mediación _bn |
||
| 338 |
_2rdacarrier _avolumen _bnc |
||
| 490 | 1 | _aBiblioteca Herder : | |
| 504 | _aIncluye bibliografía (páginas 347--351) | ||
| 505 | _aBreve ojeada sobre la mística no cristiana. -- La mística en el Nuevo Testamento. -- La era de los mártires. -- El desarrollo de la vida ascética. -- La teología mística de los padres del desierto. -- Los padres latinos. -- Los místicos posteriores y la teología mística de la iglesia oriental. -- La primera edad media. -- La experiencia mística y la teología de las ordenes mendicantes. -- El "Místico" siglo XIV. -- El final de la edad media. -- La mística en tiempos de la reforma y la contrarreforma. -- Época de decadencia. -- Los tiempos modernos. | ||
| 563 | _aRústico. | ||
| 650 | 0 |
_91056 _aFilosofía cristiana _xHistoria _yEdad Media, 600-1500 |
|
| 650 | 7 |
_9528 _aVida espiritual _xHistoria y crítica |
|
| 700 |
_91672 _aMartí LLoré, Enrique, _etraductor |
||
| 830 |
_aBiblioteca Herder : _p Sección de Teología y filosofía ; _v120 |
||
| 942 | _cBK | ||